000 00688nam a2200289Ia 4500
005 20260324131049.0
008 008 260324s9999 xx 000 0 eng d
020 _a9780203036150
037 _aEBOOK
040 _aCRL
040 _beng
040 _cCRL
041 _2eng
041 _aeng
084 _qCRL
100 _aGlenn Pillsbury
_91184083
245 0 _aDamage Incorporated
245 0 _bMetallica and the Production of Musical Identity
260 _bTaylor and Francis
260 _c2006
365 _a
365 _b230
856 _uhttp://www.taylorfrancis.com/books/9780203036150
942 _cEBOOK
999 _c1780913
_d1780913